50 Quiz Fragen (3) - Statistiken

Allgemein
  • Dieses Quiz wurde 145 mal gespielt
    46 seit der letzten Aktualisierung
  • Das Durchschnittsergebnis liegt bei 19 aus 50
Antwortstatistiken
Frage Antwort % Korrekt
Was ist die Hauptstadt von Ägypten? Kairo
95%
Wie werden junge Schweine genannt? Ferkel
92%
Wie heißt das längste Gebirge der Welt? Anden
84%
Jugendliche zwischen 13 und 19 bezeichnet man als…? Teenager
84%
In welchem Märchen fällt die goldene Kugel einer Prinzessin in einen Brunnen? Der Froschkönig
74%
Gerolsteiner ist ein deutscher Hersteller für…? Mineralwasser
71%
Zu welchem Land gehört die Insel „Capri“? Italien
68%
Was schwimmt für gewöhnlich in einem Martini? Olive
68%
In welchem Jahr wurde bei uns der Euro als Bargeld eingeführt? 2002
66%
Wie bezeichnet man eine Person, die noch keinen Geschlechtsverkehr hatte? Jungfrau
66%
Wofür steht das Q in LGBTQ? Queer
66%
Aus welchem chemischen Element bestehen Diamanten? Kohlenstoff
63%
In welche Hauptstadt soll man redensartlich Eulen tragen? Athen
61%
Vom Sächsischen Landtag aus blickt man auf welchen Fluss? Elbe
61%
Zu welchem Land gehört Spitzbergen? Norwegen
55%
Wer schuf das berühmte Deckengemälde in der Sixtinischen Kapelle? Michelangelo Buonarroti
47%
Welches Stück Rindfleisch ist der Übersetzung aus dem Französischen nach ein "dünner Faden"? Filet
45%
In welcher deutschen Stadt liegt der Maschsee? Hannover
45%
Wie heißt der erste Teil der „Herr der Ringe"-Trilogie? Die Gefährten
42%
Welcher deutscher Fußballverein wird auch „die Lilien“ genannt? SV Darmstadt
42%
Wie nennt man die schottische Spezialität, in der ein Schafsmagen mit Leber, Lunge, Nierenfett vom Schaf, Hafermehl und Zwiebeln gefüllt wird? Haggis
39%
Wie nennen Zoologen die Verwandlung einer Larve in ein ausgewachsenes Tier? Metamorphose
39%
In welchem Disneyfilm geht es um ein mutiges, intelligentes Mädchen, das unter der Rollenvorstellung im mittelalterlichen China leidet? Mulan
39%
Wer ist neben einer Talkshow auch bekannt für die Songs „Underneath the Tree“, „Because of You“ und „Since U Been Gone“? Kelly Clarkson
37%
In welchen Fußballverein wechselte Leroy Sané am 1. Juli 2025? Galatasaray Istanbul
34%
Wer überlebte laut Bibel drei Tage im Bauch eines großen Fisches? Jona
34%
Chris Martin, Will Champion, Guy Berryman und Jonny Buckland sind Mitglieder welcher Band? Coldplay
32%
Wie lautet der Name der verstorbenen Hogwartsschülerin, die nun als Geist in Hogwarts verweilt? Die Maulende Myrte
32%
Wofür steht D.C. bei Washington D.C. District of Columbia
29%
In welcher Epoche wurde der Kölner Dom erbaut? Gotik
29%
„OVG" lautet die Abkürzung für welches Gericht? Oberverwaltungsgericht
29%
Welcher Komponist hat die deutsche Nationalhymne geschrieben? Joseph Haydn
26%
Die berühmte Gretchenfrage aus Goethes "Faust" lautet: "Nun sag, wie hast du's mit ...?" der Religion
24%
Wie heißt das kleine Wikingerdorf, in dem unter anderen Wicky, Snorre, Halvar, Faxe, Urobe und Ylva hausen? Flake
24%
Ein Symbol der Romantik für Sehnsucht & Streben nach dem Unendlichen, nach vollkommener Erkenntnis, tiefer Liebe und Hoffnung ist „Die blaue…?“ Blume
21%
Wie lange ist man verheiratet, wenn man die „Eiserne Hochzeit“ feiert? 65 Jahre
18%
Wie heißt der abgegrenzte Berreich neben dem Fußballfeld, der als Aufenthaltsort für Trainer, Betreuer und Auswechselspieler dient? Technische Zone
18%
Auf der Flagge der DDR abgebildet waren ein Ährenkranz, ein Hammer und welches Gerät? Zirkel
18%
Wer komponierte die Oper „Aida"? Giuseppe Verdi
16%
Welche Nummer trug Dirk Nowitzki bei den Dallas Mavericks? 41
13%
Was bezeichnet einen Auftrag sowie den Abbruch eines Vorhabens? Aufgabe
13%
Wie heißt die Schauspielerin, die 1982 im Film "E.T." die kleine Gertie spielte? Drew Barrymore
13%
Welche britische Modedesignerin wird oft als "Queen of Punk" bezeichnet? Vivienne Westwood
11%
Wer schrieb das Buch „Mutter Courage“? Bertolt Brecht
8%
Coulrophobie bezeichnet die Angst vor…? Clowns
8%
Die Wissenschaft von Insekten, oder auch die Insektenkunde bezeichnet man als…? Entomologie
8%
Mit welchem Album räumte Harry Styles 2023 bei den Grammys ab? Harry‘s House
8%
Was ist das Nationaltier von Belgien? Löwe
5%
Welche Zeichentrickfigur zierte im November 2009 das Cover des US-amerikanischen „Playboy"? Marge Simpson
3%
Wie lautet die dreistellige Nummer des Flugs, der in der Netflixserie „Manifest“ durch die Zeit reist? 828
0%
Keine übereinstimmenden Quizze gefunden
Verteilung der Resultate
Anzahl Personen mit jedem Resultat
Perzentil nach korrekt beantworteten Fragen
Ihre Resultats-Entwicklung
Sie haben dieses Quiz seit der letzten Aktualisierung nicht gespielt